Motivi dell'allegria (I) vol. 2 (Record no. 99688)

MARC details
000 -LEADER
fixed length control field 01345njm a2200301Ia 4500
001 - CONTROL NUMBER
control field 32949
003 - CONTROL NUMBER IDENTIFIER
control field IT-RoPAU
005 - DATE AND TIME OF LATEST TRANSACTION
control field 20220918181120.0
008 - FIXED-LENGTH DATA ELEMENTS--GENERAL INFORMATION
fixed length control field 131025s9999 xx 000 0 und d
040 ## - CATALOGING SOURCE
Original cataloging agency IT-RoPAU
040 ## - CATALOGING SOURCE
Transcribing agency IT-RoPAU
041 ## - LANGUAGE CODE
Language code of text/sound track or separate title ITALIANO
999 ## - SYSTEM CONTROL NUMBERS (KOHA)
Koha Dewey Subclass [OBSOLETE] n.d.
100 ## - MAIN ENTRY--PERSONAL NAME
Personal name AA.VV.
9 (RLIN) 794
100 ## - MAIN ENTRY--PERSONAL NAME
Relator term Autore musica
9 (RLIN) 18946
100 ## - MAIN ENTRY--PERSONAL NAME
Miscellaneous information Codice autore musica SPICS: 12000
9 (RLIN) 796
245 ## - TITLE STATEMENT
Title Motivi dell'allegria (I) vol. 2
250 ## - EDITION STATEMENT
Edition statement 1a ed.
260 ## - PUBLICATION, DISTRIBUTION, ETC. (IMPRINT)
Place of publication, distribution, etc. MILANO
260 ## - PUBLICATION, DISTRIBUTION, ETC. (IMPRINT)
Name of publisher, distributor, etc. COMBO RECORD
Date of publication, distribution, etc. 1970 [1a Ed.:1970]
300 ## - PHYSICAL DESCRIPTION
Extent DISCO
500 ## - GENERAL NOTE
General note Musica folk, popolare. Brani di autori vari.
505 ## - FORMATTED CONTENTS NOTE
Formatted contents note Paesanella - Violino tzigano - La famiglia Brambilla - Lo studente passa - Chiesetta alpina - La quadriglia di famiglia - Valencia - Lo spazzacamino - Eulalia Torricelli - La spagnola - La piccinina - Amor di pastorello - Sulla carrozzella - Festa in famiglia
511 ## - PARTICIPANT OR PERFORMER NOTE
Participant or performer note Cantano: Adriano Valle, Gabriella Piccinini, Lella Greco e Coro con Rocco Bandera e suo fratello, Victor Celli e Cristina Jorio con il Quintetto Allegro
511 ## - PARTICIPANT OR PERFORMER NOTE
Participant or performer note Cantano: Victor Celli e Cristina Jorio con il Quintetto Allegro; Adriano Valle, Gabriella Piccinini, Lella Greco e Coro con Rocco Bandera e suo fratello, ritmo Allegro
650 ## - SUBJECT ADDED ENTRY--TOPICAL TERM
Topical term or geographic name as entry element FOLK-POPOLARE [DISCHI]
Relator term Codice MATERIA SPICS: 9950
9 (RLIN) 11487
942 ## - ADDED ENTRY ELEMENTS (KOHA)
Koha item type DISCHI
Source of classification or shelving scheme Dewey Decimal Classification
Holdings
Withdrawn status Lost status Damaged status Not for loan Home library Current library Date acquired Total Checkouts Full call number Date last seen Price effective from Koha item type Public note
    Buone Condizioni Not For Loan SPICS-MEDIATECA SPICS-MEDIATECA 25/10/2013   32949 25/10/2013 25/10/2013 DISCHI Progr. Ins.: 12205 / N.Vol.: 1 / Copie: 1 - Copia rara: n.d. / date import: 01.01.2014 - By Epidotti, Trombetti, Vaglietti
CREDITS: SOCIETA' SAN PAOLO Via A.Severo, 58 - ROMA (RM) & PERIODICI SAN PAOLO SRL Via Giotto, 36 MILANO & CISF Via Giotto, 36 MILANO & EDIZIONI SAN PAOLO SRL,  Piazza Soncino, 5 CINISELLO BALSAMO (MI) -- ITALY